00528nam a22001577a 4500020001500000040000900015082001800024100003100042110003500073245004200108260004100150650004200191942001200233999001900245952010600264 a0750647108 cNUST a658.4038bAHM aPervaiz K. Ahmad, 9125196 aK.K Lim , Ann Y.E. Loh9125197 aLearning through Knowledge Management aLondon:bLibrary of Congress,c2002. 2Learning through Knowledge Management 2ddccBK c610974d610974 00102ddc4070aCEMEbCEMEcGENd2024-08-19l0o658.4038 AHMpCEME-36132r2024-08-19w2024-08-19yBK